Library Logo

Pioneer International University Library Catalogue

Inflammation (Record no. 1142)

MARC details
000 -LEADER
fixed length control field 00264nam a22000977a 4500
005 - DATE AND TIME OF LATEST TRANSACTION
control field 20250901165246.0
008 - FIXED-LENGTH DATA ELEMENTS--GENERAL INFORMATION
fixed length control field 210301b ||||| |||| 00| 0 eng d
050 ## - LIBRARY OF CONGRESS CALL NUMBER
Classification number QZ150 .R93
245 ## - TITLE STATEMENT
Title Inflammation
Statement of responsibility, etc. RYAN, GRAEME B.
942 ## - ADDED ENTRY ELEMENTS (KOHA)
Source of classification or shelving scheme Library of Congress Classification
Classification part QZ150 .R93 1977
Holdings
Withdrawn status Lost status Source of classification or shelving scheme Damaged status Not for loan Home library Current library Shelving location Date acquired Total checkouts Full call number Barcode Date last seen Price effective from Koha item type
    Library of Congress Classification     Main Library Main Library   03/01/2021   QZ150 .R93 1977 PIU0190699 03/01/2021 03/01/2021 Books